000 00563nam a22001817a 4500
003 KOHA_MİRAKIL
005 20251224172607.0
008 251224b tu ||||| |||| 00| 0 tur d
020 _a9786057483775
040 _aTR-AnABB
_btur
_cTR-AnABB
041 _atur
082 _a623.804
_bPRO 2022
245 1 0 _aProceedings of the Third International Eurasian Maritime History Congress on History of Shipbuilding /
260 _aİstanbul :
_bPiri Reis Üniversitesi,
_c2022
300 _a328 sayfa ;
_c27 cm
650 0 4 _aDenizcilik tarihi
942 _2ddc
_cBK
999 _c9986
_d9986
900 _bGizem YORULMAZ